Statistiche per Stati per estensione costiera - Europa

Clicka qui per fare il quiz!

Statistiche generali

  • Questo quiz è stato fatto 19 volte
  • Il punteggio medio è 8 su 10

Statistiche sulle risposte

Coste (km)Nazione% Corretto
4 853Francia
100%
7 600Italia
100%
4 964Spagna
100%
13 676Grecia
94%
82 281Norvegia
94%
12 429Regno Unito
94%
7 314Danimarca
82%
5 835Croazia
76%
4 970Islanda
53%
3 794Estonia
24%

Distribuzione punteggi

Percentile per numero di risposta

Percentuale di utenti per punteggio

I tuoi punteggi nel tempo

Non hai fatto questo quiz